| 000 | 01496cam a2200205 4500 | ||
|---|---|---|---|
| 001 | ##L133000 | ||
| 008 | 060403n2006 000 0 eng u | ||
| 020 | _a0110740114 | ||
| 035 | _a(Sirsi) u133000 | ||
| 041 | 0 | _aeng | |
| 245 | 0 | 4 | _aThe Town and Country Planning (General Permitted Development) (Amendment) (England) Order 2006 |
| 260 |
_aLondon _bTSO _c2006 |
||
| 490 | 0 |
_aSI _v2006: 221 |
|
| 520 | _aAmends the Town and Country Planning (General Permitted Development) Order 1995 Sched 2 Part III which confers permitted development rights in respect of certain changes of use. Article 2 of this Order amends Part III by giving casinos permitted development rights to change to use for assembly and leisure (Class D2) of the Town and Country Planning (Use Classes) Order 1987 without the need for planning permission. The latter has been amended by SI 2006: 220 (L132999), the effect of which is to remove use as a casino from D2 and to reclassify such use as being outside of any of the specified use classes, and therefore, in a class of its own. | ||
| 650 | 2 | 4 | _aTOWN AND COUNTRY PLANNING (GENERAL PERMITTED DEVELOPMENT) ORDER 1995 SCHED 2 PART III |
| 650 | 2 | 4 | _aTOWN AND COUNTRY PLANNING (GENERAL PERMITTED DEVELOPMENT) ORDER (AMENDMENT) (ENGLAND) ORDER 2006 |
| 690 | _aENVIRONMENTAL AND LAND CONSULTANCY-PLANNING AND DEVELOPMENT-DEVELOPMENT CONTROL | ||
| 856 | 4 | 0 |
_uhttps://www.opsi.gov.uk/si/si2006/20060221.htm _zView the Order free of charge at www.opsi.gov.uk... |
| 942 | _n0 | ||
| 999 |
_c105303 _d105303 |
||